GoT de A à Z - Statistiques

Statistiques générales
  • Ce quiz a été pris 286 fois
  • Le résultat moyen est 8 sur 26
Statistiques - réponses
Hint Réponse % Correct
B. L'handicapé de la série Bran
87%
C. Qui se fait fouuuuudroyer par son jumeau Cersei
70%
A. Le nom de famille des gens qui tètent le sein à 15 ans Arryn
69%
G. Prénom de "la montagne" Gregor
58%
N. KING IN THE NORTH
58%
H. Mission de Hodor (en anglais) Hold the door
57%
D. Le pays des mexicains de la série Dorne
56%
P. Chose utilisée par Mamie Martell qui la tuera (on t'aime Olenna) Poison
56%
O. Prénom de Pedro Pascal Oberyn
46%
T. Il a plus de bite, mais des cheveux Théon
44%
V. Il a plus de bite, et plus de cheveux Varys
35%
M. Nom de famille du mec qui est friendzoné de la saison 1 à 8 mais qui capte toujours pas Mormont
25%
X. La taille mes préservatifs XXL
24%
E. Siège de la maison Arryn Eyrié
23%
W. L'homme chez qui se sont déroulées les noces pourpres Walder Frey
22%
F. Nom de famille du Mentor d'Arya Forel
18%
I. Bourreau du perso principal de la série (lol) Ilyn Payne
17%
K. LE ZHOMME DE LA SERIE Khal Drogo
16%
L. le FILS DE PUUUUTE de la série uwu Littlefinger
12%
Q. Nom du mestre de Cersei Qyburn
11%
Y. Elle a autant de bite que son frère mais plus de couilles Yara Greyjoy
11%
J. Il n'a pas de visage Jaqen H'ghar
10%
R. Prénom du "mad king" Raeghar
9%
Z. Initialement peuplé par les San, peuple de chasseurs-cueilleurs, ce pays est occupé par les Bantous au IVe siècle. Pendant la colonisation européenne de l'Afrique, le territoire devient la colonie britannique de la Rhodésie du Nord. Celle-ci obtient son indépendance en 1964 sous le président Kenneth Kaunda qui met en place un régime à parti unique sous l'égide du Parti uni de l'indépendance nationale en 1973. Le multipartisme est instauré au début des années 1990 et Kaunda est battu à l'élection présidentielle de 1991. Depuis lors, ce pays a connu plusieurs transitions pacifiques du pouvoir. Zambie
8%
S. Ce que font les gardiens de nuit sur le mur, pour la vie Serment
6%
U. noms du site de tournoi sur l'ordi là Uwufufu
0%
Aucun quiz correspondant
Distribution des résultats
% des personnes avec chaque résultat
Percentile par nombre de réponses
Votre historique - résultats
Vous n’avez pas pris ce quiz